Možnosti zvýšenia produkcie repky olejky

Bibliographic Details
Main Author: Toroková, Veronika (Author)
Format: Article
Language:Slovak
PhysicalDescription:Fotogr.
ISSN:1335-2466
Subjects:

MARC

LEADER 00000nab a2200000 a 4500
001 vtls008775446
003 SK-MaSNL
005 20260304144907.0
008 250505c2006 xo |||||||||||000 b|slo
015 |a SNBRB2006/06  |2 snkbucl 
035 |a (uuid)47bd281e-fab1-4232-b98b-0d90d921c455 
035 |a urn:nbn:sk:snk-abxdc 
035 |a (urnnbn)urn:nbn:sk:snk:ar-a04fs4 
038 |a SNKBUCL 
040 |a SNKBUCL  |b slo  |c SNKBUCL  |e AACR2 
041 0 |a slo 
044 |a xo  |c SK 
080 |a 633.85:061.3  |2 1997 
100 1 |a Toroková, Veronika  |4 aut  |9 267629 
245 1 0 |a Možnosti zvýšenia produkcie repky olejky  |c Veronika Toroková 
300 |b Fotogr. 
650 0 7 |a repka olejná  |2 snkbucl  |9 56830 
650 0 7 |a produkcia  |2 snkbucl  |9 380689 
650 0 7 |a semináre  |2 snkbucl  |9 18562 
651 7 |a Nitra (Slovensko)  |2 snkbucl  |9 15714 
651 7 |a Michalovce (Slovensko)  |2 snkbucl  |9 22487 
773 0 |t Naše pole  |g Roč. X, č. 3 (2006), s. 11  |x 1335-2466 
850 |a Slovenská národná knižnica 
852 |a Slovenská národná knižnica 
954 |a odborná, vedecká literatúra pôvodná (slovenská)  |2 lita 
958 |a article27 
958 |a SK 
958 |a OND 
958 |a EUIPO 
999 |c 2933815  |d 2935745